[Event "Let's Play 816"]
[Site "http://www.queenalice.com/game.php?id=1852136"]
[Date "2025.2.15"]
[Round "-"]
[White "ajr"]
[Black "digger"]
[Result "0-1"]
[WhiteElo "1596"]
[BlackElo "1679"]

1. d4 d5 2. h3 Nf6 3. Nc3 c6 4. Bg5 Qd6 5. Bxf6 Qxf6 6. Nf3 e6 7. e3 Bb4 8. Bd3
a5 9. O-O O-O 10. Ne2 Bd6 11. c3 b5 12. Re1 a4 13. Ng3 Nd7 14. a3 Bb7 15. Qc2 g6
16. e4 Qf4 17. e5 Bc7 18. Qd2 Qxd2 19. Nxd2 c5 20. Bxb5 Nb6 21. dxc5 Nc8 22. c6
Ba6 23. Bxa4 Rb8 24. b4 Ne7 25. b5 Bxb5 26. Bxb5 Rxb5 27. Ne2 Nxc6 28. Reb1
Rxb1+ 29. Rxb1 Bxe5 30. f4 Bd6 31. Rb6 Bc5+ 32. Kh2 Bxb6 33. Nf3 Ra8 34. Ne5
Nxe5 35. fxe5 Rxa3 36. Kg3 Ba5 37. Kf4 Bxc3 38. g4 Bd2# 0-1

[Event "Let's Play 820"]
[Site "http://www.queenalice.com/game.php?id=1852387"]
[Date "2025.2.18"]
[Round "-"]
[White "digger"]
[Black "alterego"]
[Result "1-0"]
[WhiteElo "1647"]
[BlackElo "1601"]

1. e4 g6 2. d4 Bg7 3. Bc4 e6 4. Nf3 Ne7 5. Bg5 a6 6. e5 b5 7. Bb3 Nbc6 8. O-O
O-O 9. c3 Na5 10. Bc2 Nc4 11. b3 Nb6 12. Nbd2 Nbd5 13. Ne4 f6 14. exf6 Nxf6 15.
a4 Ned5 16. Nc5 Nxc3 17. Qd3 Nce4 18. Qd1 Nxg5 19. Nxg5 Nd5 20. Nge4 Nb4 21.
axb5 Nxc2 22. Qxc2 Bxd4 23. Rad1 Bxc5 24. Qxc5 d6 25. Qc6 Ra7 26. bxa6 Rxa6 27.
Qc3 Ra3 28. Ra1 Rxa1 29. Rxa1 Qh4 30. Qe1 d5 31. Nc5 Re8 32. Ra4 Qf6 33. Ra7 Re7
34. Ra8 Re8 35. h3 Kf7 36. Qe3 Rd8 37. Ra7 Qe7 38. Qf4+ Kg7 39. Rxc7 Rd7 40.
Rxc8 e5 41. Qb4 Rd6 42. Rb8 Kh6 43. Qd2+ g5 44. h4 Rg6 45. b4 Kh5 46. g3 Qc7 47.
Rb7 Qd8 48. Qe2+ Kh6 49. Qxe5 gxh4 50. Ne6 Qe8 51. Qf4+ Kh5 52. Rxh7+ 1-0

[Event "Let's Play 821"]
[Site "http://www.queenalice.com/game.php?id=1852388"]
[Date "2025.2.18"]
[Round "-"]
[White "alterego"]
[Black "digger"]
[Result "1-0"]
[WhiteElo "1539"]
[BlackElo "1662"]

1. d4 e6 2. c4 c6 3. c5 Nf6 4. g3 b6 5. b4 Nd5 6. Bg2 bxc5 7. bxc5 Qa5+ 8. Bd2
Qb5 9. Na3 Qb2 10. Nc4 Qxd4 11. Nd6+ Bxd6 12. cxd6 O-O 13. Nf3 Qc5 14. O-O Qxd6
15. Bc3 Ba6 16. Re1 Qc5 17. Bb2 Nb6 18. Rc1 Qb5 19. Be5 Rd8 20. Bc7 Rc8 21. Bd6
h6 22. Nd4 Qd5 23. Bxd5 Nxd5 24. e4 Nb4 25. Bxb4 e5 26. Nf5 Kh7 27. Nd6 Rc7 28.
Nxf7 Kg6 29. Nxe5+ Kh7 30. Qh5 Bb7 31. Bd6 Rc8 32. Qg6+ Kh8 33. Rc5 Na6 34. Nf7+
Kg8 35. Nxh6+ Kh8 36. Nf7+ Kg8 37. Rg5 1-0

[Event "Let's Play 822"]
[Site "http://www.queenalice.com/game.php?id=1852389"]
[Date "2025.2.19"]
[Round "-"]
[White "digger"]
[Black "Borsssoi"]
[Result "1-0"]
[WhiteElo "1628"]
[BlackElo "1713"]

1. Nf3 c5 2. d4 b6 3. e4 Bb7 4. Nc3 e6 5. Ne5 Nf6 6. f3 Qe7 7. Be3 d6 8. Nd3 c4
9. Nf2 d5 10. Be2 g6 11. Bf4 Nc6 12. O-O Qb4 13. Qc1 Nxd4 14. Bd2 dxe4 15. fxe4
Nxe2+ 16. Nxe2 Qd6 17. Bc3 e5 18. Ng3 O-O-O 19. Rd1 Qe7 20. a3 Kb8 21. Rxd8+
Qxd8 22. Bxe5+ Bd6 23. Bc3 Bxg3 24. hxg3 Re8 25. Qf4+ Ka8 26. Bxf6 Qb8 27. Re1
Qxf4 28. gxf4 a5 29. a4 h5 30. Bd4 Ka7 31. Kf1 Bc6 32. f5 g5 33. b3 cxb3 34.
cxb3 g4 35. g3 Kb7 36. e5 Rd8 37. Bc3 Rh8 38. e6 fxe6 39. Bxh8 b5 40. fxe6 bxa4
41. bxa4 Bxa4 42. Nd3 h4 43. gxh4 g3 44. Nc5+ Kc6 45. Nxa4 1-0

[Event "Let's Play 823"]
[Site "http://www.queenalice.com/game.php?id=1852390"]
[Date "2025.2.19"]
[Round "-"]
[White "Winslow"]
[Black "digger"]
[Result "1-0"]
[WhiteElo "1717"]
[BlackElo "1641"]

1. d4 d5 2. c3 Nc6 3. Bf4 Nf6 4. Nd2 Nd7 5. Ngf3 Nb6 6. e3 e6 7. Bd3 Bd6 8. Bxd6
Qxd6 9. O-O O-O 10. Ng5 g6 11. Ndf3 h6 12. Nh3 Kg7 13. Qe2 Re8 14. b4 a6 15. Nf4
f5 16. Nh4 g5 17. Nxe6+ Bxe6 18. Nxf5+ Bxf5 19. Bxf5 Rf8 20. g4 Rh8 21. f4 Rae8
22. Qf2 Nc4 23. Rfe1 b5 24. h4 gxf4 25. exf4 Re7 26. h5 Rhe8 27. Bg6 Rxe1+ 28.
Rxe1 Qd7 29. Bxe8 Qd6 30. f5 Nd8 31. Bg6 Nf7 32. Re6 Qd7 33. f6+ Kf8 34. Qe2
Ncd6 35. Re7 Qd8 36. Bxf7 Nxf7 37. Qe6 Ng5 38. Qf5 Kg8 39. Qg6+ Kf8 40. Qg7# 1-0

[Event "Let's Play 824"]
[Site "http://www.queenalice.com/game.php?id=1852391"]
[Date "2025.2.19"]
[Round "-"]
[White "digger"]
[Black "Winslow"]
[Result "1-0"]
[WhiteElo "1661"]
[BlackElo "1694"]

1. d4 d6 2. e4 Nf6 3. Nc3 g6 4. Bc4 e6 5. d5 exd5 6. exd5 Qe7+ 7. Be3 Ng4 8. Qf3
Nxe3 9. fxe3 f5 10. O-O-O Bh6 11. Re1 O-O 12. Kb1 Qh4 13. g3 Qxc4 14. Qf2 c6 15.
dxc6 Rf7 16. Qd2 Nxc6 17. Qxd6 Bf8 18. Qd2 Bb4 19. Nge2 Be6 20. b3 Qg4 21. h3
Qf3 22. Rhf1 Bxc3 23. Qxc3 Qd5 24. Nf4 Qa5 25. Qxa5 Nxa5 26. Nxe6 b6 27. h4 Rf6
28. Nf4 Rd8 29. Kb2 Rfd6 30. Rf2 Kg7 31. e4 fxe4 32. Rxe4 R8d7 33. h5 gxh5 34.
Nxh5+ Kg6 35. g4 h6 36. b4 Nb7 37. Kb3 Rd4 38. Nf4+ Kh7 39. Re6 b5 40. c3 Rd1
41. Kc2 Nd8 42. Ree2 Nf7 43. Ne6 Ng5 44. Nf8+ Kg8 45. Nxd7 Rxd7 46. Re8+ Kg7 47.
Rff8 Nh7 48. Rg8+ Kf7 49. Rb8 a6 50. Rgd8 Re7 51. Rd6 Nf6 52. Rxa6 Nxg4 53. Rxb5
Kg7 54. Kb3 1-0

[Event "Let's Play 825"]
[Site "http://www.queenalice.com/game.php?id=1852839"]
[Date "2025.2.25"]
[Round "-"]
[White "digger"]
[Black "Winslow"]
[Result "1/2-1/2"]
[WhiteElo "1723"]
[BlackElo "1644"]

1. d4 d6 2. e4 g6 3. Bg5 Bg7 4. Bc4 h6 5. Qf3 f6 6. Bf4 e6 7. Be3 Ne7 8. Ne2 c6
9. O-O b6 10. c3 a6 11. Bb3 d5 12. Rc1 f5 13. exf5 Nxf5 14. Re1 O-O 15. Bf4 Nh4
16. Qg3 Bd7 17. Bd6 Nf5 18. Qf4 Nxd6 19. Qxd6 Qf6 20. f3 c5 21. Qxb6 c4 22. Bc2
Be8 23. b3 cxb3 24. Bxb3 Nd7 25. Qd6 a5 26. Nd2 Rf7 27. Ng3 Nf8 28. Re3 Rd7 29.
Qc6 Rdd8 30. Qb6 Rdb8 31. Qc5 Qf4 32. Ndf1 Bf7 33. Ne2 Qf6 34. Nfg3 Nd7 35. Qd6
Nf8 36. c4 Qh4 37. Nf1 Bxd4 38. Nxd4 Qxd4 39. Rd1 Qb6 40. c5 Qxd6 41. cxd6 Nd7
42. Rc1 Rb6 43. Nd2 Rxd6 44. Ba4 Nb6 45. Rc6 Rxc6 46. Bxc6 Rc8 47. Rc3 d4 48.
Rc1 e5 49. Nb3 Bc4 50. Nxa5 Be6 51. Rb1 Nc4 52. Nxc4 Rxc6 53. Nxe5 Bf5 54. Rd1
Rd6 55. Nc4 Rd8 56. a4 Bc2 57. Ra1 d3 58. Ne3 Ra8 59. Nxc2 dxc2 60. Rc1 Rc8 61.
a5 Ra8 62. Rxc2 Rxa5 63. h4 h5 64. g3 Ra8 65. Rc6 Kf7 66. Kf2 Re8 67. f4 Re6 68.
Rc7+ Kf6 69. Kf3 Ra6 70. Rc3 Kf5 71. Rc5+ Kf6 72. Rg5 Ra3+ 73. Ke4 Ra1 74. g4
Re1+ 75. Kf3 Rf1+ 76. Kg2 Rxf4 77. gxh5 Rxh4 78. Rxg6+ Kf5 79. Rh6 Kg4 80. Rg6+
Kxh5 81. Rd6 Rg4+ 82. Kf3 Rg6 83. Rd4 Kh6 84. Rh4+ Kg7 85. Kf4 Rf6+ 86. Ke5 Rf1
87. Rg4+ Kh6 88. Re4 Kg6 1/2-1/2

[Event "Let's Play 826"]
[Site "http://www.queenalice.com/game.php?id=1852840"]
[Date "2025.2.25"]
[Round "-"]
[White "Winslow"]
[Black "digger"]
[Result "0-1"]
[WhiteElo "1658"]
[BlackElo "1663"]

1. d4 d5 2. Bf4 Nf6 3. e3 Bg4 4. f3 Bf5 5. Nd2 Nh5 6. g4 Nxf4 7. exf4 Bd7 8. c3
e6 9. Bd3 Bd6 10. f5 O-O 11. Qe2 exf5 12. gxf5 Re8 13. Ne4 Bxf5 14. O-O-O Bf4+
15. Kb1 Re7 16. Qc2 dxe4 17. fxe4 Bg4 18. Rf1 Be3 19. h3 Bd7 20. Nf3 Nc6 21. e5
Be6 22. Bxh7+ Kh8 23. Re1 Bf4 24. Be4 f6 25. h4 Bd5 26. h5 Bh6 27. Rhg1 fxe5 28.
Qd3 Bxe4 29. Rxe4 exd4 30. cxd4 Rxe4 31. Qxe4 Qf6 32. d5 Na5 33. Rd1 Rd8 34. Qd3
a6 35. a3 g5 36. Qe2 Qf5+ 37. Qd3 Qf4 38. Qc3+ Kg8 39. Qd3 Qf6 40. Qg6+ Qxg6+
41. hxg6 Rd6 42. Ne5 Bg7 43. Nf7 Rxg6 44. d6 cxd6 45. Nxd6 g4 46. Ne4 Nc4 47.
Rd8+ Bf8 48. Ng3 Ne5 49. Ka2 Rd6 0-1

[Event "Let's Play 828"]
[Site "http://www.queenalice.com/game.php?id=1852842"]
[Date "2025.2.26"]
[Round "-"]
[White "Scar"]
[Black "digger"]
[Result "1-0"]
[WhiteElo "1790"]
[BlackElo "1666"]

1. e4 e5 2. c3 d6 3. d4 Nf6 4. Nd2 Nc6 5. d5 Ne7 6. Be2 c6 7. c4 Qa5 8. a3 Nxe4
9. b4 Qb6 10. Nxe4 cxd5 11. cxd5 f5 12. Nc3 Bd7 13. Be3 Qc7 14. Rc1 f4 15. Bd2
Ng6 16. Nf3 Be7 17. O-O O-O 18. a4 a6 19. Ne4 Qd8 20. a5 Qe8 21. Rc7 Rb8 22. Qb3
Bb5 23. Bxb5 Qxb5 24. Nc3 Qe8 25. Na4 Qd8 26. Rfc1 Kh8 27. Nb6 Bg5 28. Nxg5 Qxg5
29. Nd7 Rbc8 30. Nxf8 Rxf8 31. Rc8 Kg8 32. Rxf8+ Nxf8 33. g3 h5 34. Qf3 h4 35.
Kf1 h3 36. gxf4 exf4 37. Bxf4 Qh4 38. Bxd6 Qd8 39. Qxf8+ Qxf8 40. Bxf8 Kxf8 41.
Rc7 g5 42. f3 Ke8 43. Rxb7 Kd8 44. Ra7 Kc8 45. Rxa6 Kc7 46. b5 Kb7 47. d6 Kc8
48. Rc6+ Kd7 49. a6 1-0

[Event "Let's Play 829"]
[Site "http://www.queenalice.com/game.php?id=1852843"]
[Date "2025.2.26"]
[Round "-"]
[White "digger"]
[Black "Scar"]
[Result "0-1"]
[WhiteElo "1678"]
[BlackElo "1778"]

1. e4 e5 2. c3 c6 3. Bc4 Nf6 4. f3 d5 5. exd5 cxd5 6. Bb5+ Bd7 7. Qe2 Bd6 8.
Bxd7+ Nbxd7 9. Qb5 b6 10. Qc6 Bc7 11. Nh3 h6 12. O-O Rc8 13. Re1 e4 14. fxe4
Bxh2+ 15. Kxh2 Rxc6 16. exd5+ Kf8 17. dxc6 Nc5 18. Nf2 Qd6+ 19. Kg1 Qxc6 20. d4
Nce4 21. b3 Nxc3 22. Nd2 g6 23. Ba3+ Kg7 24. Nc4 b5 25. Ne5 Qb6 26. Bc5 Qc7 27.
Rac1 b4 28. Bxb4 Ne2+ 29. Kh2 Nxc1 30. Ba3 Nxa2 31. Nd3 Qa5 32. Nc4 Qc7+ 33. g3
Ng4+ 34. Kh3 h5 35. Re2 Nc3 36. Re1 Nb5 37. Re7 Qc8 38. Bb2 Nf6+ 39. Kg2 a6 40.
d5 Re8 41. Re3 Rxe3 42. Nxe3 Nc7 43. d6 Ne8 44. Nd5 Qc2+ 45. Kh3 Qxd3 46. Nxf6
Nxf6 47. b4 Qf1+ 48. Kh4 Kh6 49. Bxf6 Qh1# 0-1

[Event "Let's Play 831"]
[Site "http://www.queenalice.com/game.php?id=1853293"]
[Date "2025.3.8"]
[Round "-"]
[White "alterego"]
[Black "digger"]
[Result "1-0"]
[WhiteElo "1575"]
[BlackElo "1655"]

1. d4 d5 2. c4 c6 3. c5 b6 4. b4 bxc5 5. bxc5 e6 6. g3 Ba6 7. Bd2 Be7 8. Bg2 Nf6
9. Nf3 O-O 10. Nc3 Nbd7 11. O-O Rb8 12. Qa4 Qc8 13. Bf4 Rb2 14. Rab1 Rxb1 15.
Rxb1 Nb8 16. Qc2 Qc7 17. Bxc7 Nbd7 18. Ne5 Nxe5 19. Bxe5 Nd7 20. Bf4 Bf6 21. Qa4
Bc4 22. Qxc6 Rd8 23. Bc7 1-0

[Event "Let's Play 832"]
[Site "http://www.queenalice.com/game.php?id=1853294"]
[Date "2025.3.8"]
[Round "-"]
[White "digger"]
[Black "alterego"]
[Result "1-0"]
[WhiteElo "1636"]
[BlackElo "1594"]

1. d4 g6 2. e4 Bg7 3. Bc4 e6 4. Nc3 a6 5. Nf3 b5 6. Be2 Bb7 7. Bg5 Nf6 8. e5 O-O
9. exf6 Bxf6 10. Bxf6 Qxf6 11. O-O d6 12. Qd3 Nc6 13. d5 Nb4 14. Qd2 exd5 15. a3
Nc6 16. Qxd5 Rae8 17. Qd3 Ne5 18. Nxe5 Rxe5 19. f3 Bc8 20. f4 Bf5 21. fxe5 Qxe5
22. Qd2 Qc5+ 23. Kh1 Qc6 24. Nd5 Bxc2 25. Rac1 1-0

[Event "Let's Play 833"]
[Site "http://www.queenalice.com/game.php?id=1853295"]
[Date "2025.3.13"]
[Round "-"]
[White "alterego"]
[Black "digger"]
[Result "0-1"]
[WhiteElo "1513"]
[BlackElo "1720"]

1. d4 d5 2. c4 Nf6 3. c5 b6 4. g3 Nc6 5. Nf3 Bg4 6. Bg2 Qd7 7. Nbd2 Bxf3 8. Bxf3
Nxd4 9. Bg2 bxc5 10. O-O e6 11. a3 a5 12. e3 Nf5 13. Nf3 c4 14. Ne5 Qd6 15. f4
Be7 16. Qa4+ Kf8 17. Bd2 Nd7 18. Bb4 c5 19. Nxd7+ Kg8 20. Nxc5 Qc7 21. Ne4 dxe4
22. Bxe4 Rc8 23. Bxe7 Nxe7 24. Rac1 Qd8 25. Rfd1 Qc7 26. b3 Qa7 27. Rc3 g6 28.
Rd7 Rc7 29. Rxc7 Qxc7 30. bxc4 Kg7 31. c5 f5 32. Qd4+ Kg8 33. Qf6 fxe4 34. Rc4
Qd7 35. c6 Nxc6 36. Rxe4 Qd1+ 37. Kg2 Qe2+ 38. Kh3 Qh5+ 39. Kg2 Qe2+ 40. Kh3
Qh5+ 41. Qh4 Qxh4+ 42. Kxh4 Kf7 43. Rc4 Rc8 44. Kg5 Kg7 45. Re4 Kf7 46. h4 Rd8
47. Rc4 Rd5+ 48. Kg4 Ne7 49. e4 Rd3 50. Ra4 Nc6 51. Rc4 Nd4 52. Rc7+ Kg8 53. a4
Ne2 54. f5 Rxg3# 0-1

[Event "Challenge"]
[Site "http://www.queenalice.com/game.php?id=1853705"]
[Date "2025.3.11"]
[Round "-"]
[White "Scar"]
[Black "digger"]
[Result "1-0"]
[WhiteElo "1734"]
[BlackElo "1739"]

1. e4 e5 2. d4 Qe7 3. d5 Qb4+ 4. Nc3 Bc5 5. a3 Qb6 6. Qe2 Nf6 7. h3 O-O 8. b4
Bd4 9. Bd2 Na6 10. Rb1 Bxc3 11. Bxc3 d6 12. b5 Nc5 13. f3 Na4 14. Bb4 Bd7 15. c4
Nc5 16. Qc2 a5 17. bxa6 Nxa6 18. Ne2 Qe3 19. Rb3 Qg5 20. Bd2 Qg6 21. g4 b6 22.
h4 h5 23. g5 Ne8 24. Ng3 Nc5 25. Rb1 Rxa3 26. Be2 Ba4 27. Qc1 Ra2 28. O-O Bb3
29. Qc3 Rc2 30. Qe3 Bxc4 31. Bxc4 Rxc4 32. Bb4 Na6 33. Qa3 Nxb4 34. Rxb4 Rxb4
35. Qxb4 f6 36. f4 Rf7 37. f5 Qh7 38. g6 Qh6 39. gxf7+ Kxf7 40. Qc3 Ke7 41. Qf3
b5 42. Qxh5 Qe3+ 43. Kg2 b4 44. Rf2 b3 45. Qe2 Qxe2 46. Rxe2 Kf7 47. Rb2 g6 48.
Rxb3 g5 49. hxg5 fxg5 50. Nh5 Kf8 51. Kg3 Ke7 52. Kg4 Kd7 53. Kxg5 c6 54. f6 Nc7
55. dxc6+ Kxc6 56. f7 Ne6+ 57. Kf6 Nf8 58. Rb8 Nd7+ 59. Ke7 Nxb8 60. f8=Q Na6
61. Qc8+ Nc7 62. Nf6 Kb6 63. Nd5+ Nxd5+ 64. exd5 e4 65. Kxd6 e3 66. Qc5+ Kb7 67.
Qb5+ Kc8 68. Qe8+ Kb7 69. Qxe3 Ka6 70. Kc6 Ka5 71. Qb3 Ka6 72. Qb6# 1-0

[Event "Challenge"]
[Site "http://www.queenalice.com/game.php?id=1853706"]
[Date "2025.3.11"]
[Round "-"]
[White "digger"]
[Black "Scar"]
[Result "1-0"]
[WhiteElo "1709"]
[BlackElo "1752"]

1. d4 d5 2. Nc3 e6 3. Nf3 Bd6 4. Qd3 Bd7 5. Bg5 f6 6. Bh4 g5 7. Bg3 Bxg3 8. hxg3
h5 9. Qg6+ Kf8 10. O-O-O Qe7 11. Rxh5 Rxh5 12. Qxh5 Be8 13. Qg4 Qf7 14. e3 Bd7
15. Qh3 e5 16. Qh2 c6 17. dxe5 fxe5 18. Nxg5 Qg6 19. Nf3 e4 20. Ne5 Qf5 21.
Nxd7+ Nxd7 22. Rd2 Ndf6 23. Qh4 b5 24. Qf4 Qe6 25. f3 Ne7 26. Qh6+ Ke8 27. fxe4
Kd7 28. exd5 Nfxd5 29. Qxe6+ Kxe6 30. Rd3 b4 31. Na4 a5 32. Rd4 Nf5 33. Re4+ Kf6
34. Bd3 Nxg3 35. Rg4 Nf5 36. e4 Nfe3 37. Rg3 Ke5 38. Rg5+ Kf4 39. Rg7 Nf6 40.
g3+ Ke5 41. Rg5+ Ke6 42. e5 Nfg4 43. Nc5+ Ke7 44. e6 Rf8 45. b3 Nf2 46. Kd2 Nd5
47. g4 Rf3 48. Bf5 Nc3 49. Rg7+ Kf6 50. Rg6+ Ke5 51. e7 Nb1+ 52. Kc1 Nc3 53.
e8=Q+ Kf4 54. Rxc6 Re3 55. Ne6+ Kg3 56. Qb8+ Kh4 57. Qh2+ Nh3 58. Rc4 Nxa2+ 59.
Kb2 Nc3 60. g5+ Kh5 61. Bxh3 Nd1+ 62. Kc1 Re1 63. Bg4+ 1-0

[Event "Let's Play 837"]
[Site "http://www.queenalice.com/game.php?id=1853926"]
[Date "2025.3.19"]
[Round "-"]
[White "digger"]
[Black "alterego"]
[Result "1-0"]
[WhiteElo "1731"]
[BlackElo "1521"]

1. e4 g6 2. d4 Bg7 3. c3 a6 4. Qf3 Nf6 5. Bc4 e6 6. Bg5 b5 7. Bd3 Bb7 8. Bxf6
Bxf6 9. Qe2 O-O 10. Nf3 Nc6 11. d5 exd5 12. O-O Ne5 13. exd5 Nxd3 14. Qxd3 Qe7
15. Re1 Qc5 16. b4 Qb6 17. Na3 Rac8 18. Rab1 c5 19. c4 cxb4 20. Rxb4 Be7 21. Rb3
Qa5 22. cxb5 axb5 23. Rxb5 Qa4 24. Rxb7 Bxa3 25. g3 d6 26. Kg2 Bb4 27. Re4 Rc3
28. Qb1 Qa5 29. Rbxb4 Qxd5 30. Rbd4 Qf5 31. Qd1 d5 32. Rf4 Qe6 33. Rxd5 Rd8 34.
Rxd8+ Kg7 35. Qd4+ 1-0

[Event "Let's Play 838"]
[Site "http://www.queenalice.com/game.php?id=1853927"]
[Date "2025.3.16"]
[Round "-"]
[White "Winslow"]
[Black "digger"]
[Result "1-0"]
[WhiteElo "1638"]
[BlackElo "1728"]

1. d4 d5 2. Bf4 Nc6 3. c3 Bf5 4. Nd2 Qd7 5. Ngf3 O-O-O 6. e3 Nf6 7. Be2 Ne4 8.
Nxe4 Bxe4 9. O-O f6 10. h3 h6 11. b4 a6 12. a3 e6 13. Bd3 g5 14. Bg3 Bxd3 15.
Qxd3 Bd6 16. Bxd6 Qxd6 17. Rad1 f5 18. Rfe1 Rhg8 19. g3 g4 20. hxg4 fxg4 21. Nh2
h5 22. Kg2 Rg5 23. Rh1 Rf8 24. Nf1 Rgf5 25. Rd2 Ne7 26. c4 dxc4 27. Qxc4 Ng6 28.
e4 Rf3 29. e5 Qd5 30. Qxd5 exd5 31. Ne3 c6 32. Rxh5 Kc7 33. Nxg4 Rxa3 34. Rh7+
Kb6 35. Re2 Rd3 36. e6 Re8 37. Nf6 Rf8 38. Nd7+ Kb5 39. Nxf8 Nxf8 40. e7 Nd7 41.
Rh6 Kxb4 42. e8=Q Nb6 43. Qe7+ Ka5 44. Qc5+ Ka4 45. Ra2+ Kb3 46. Qc2+ Kb4 47.
Qxd3 Nc4 48. Rh7 Nd6 49. Rb2+ Ka4 50. Qb3+ Ka5 51. Ra2# 1-0

[Event "Let's Play 839"]
[Site "http://www.queenalice.com/game.php?id=1853928"]
[Date "2025.3.16"]
[Round "-"]
[White "digger"]
[Black "Winslow"]
[Result "0-1"]
[WhiteElo "1708"]
[BlackElo "1653"]

1. e4 d6 2. d4 Nf6 3. Nc3 g6 4. Nf3 Nc6 5. d5 Ne5 6. Nxe5 dxe5 7. Bc4 Bg7 8. O-O
O-O 9. f3 Bd7 10. Bg5 h6 11. Bh4 a6 12. Qd2 g5 13. Bg3 Bb5 14. Bxb5 axb5 15.
Nxb5 Nd7 16. Qc3 b6 17. Qxc7 Qxc7 18. Nxc7 Rac8 19. Nb5 Rxc2 20. b3 Nc5 21. Rfd1
Rd8 22. b4 Nb7 23. Rdc1 Rcc8 24. Na7 Rxc1+ 25. Rxc1 Nd6 26. h4 b5 27. Nc6 Rd7
28. a3 Bf6 29. Bxe5 Bxe5 30. Nxe5 Rb7 31. Rc5 f6 32. Nc6 Nc4 33. a4 Na3 34. a5
Rc7 35. Nd8 Rxc5 36. bxc5 b4 37. Ne6 b3 38. c6 b2 39. c7 b1=Q+ 40. Kh2 Qc2 41.
hxg5 hxg5 42. a6 Nb5 43. Kg3 Nxc7 44. Nxc7 Qxc7+ 45. Kf2 Qb6+ 46. Kg3 Qxa6 47.
Kh3 Qf1 48. Kg3 Qd3 49. Kh3 Qf1 50. Kh2 Qd1 51. Kg3 Qe1+ 52. Kh3 Qh4# 0-1

[Event "Challenge"]
[Site "http://www.queenalice.com/game.php?id=1854413"]
[Date "2025.3.24"]
[Round "-"]
[White "Leanne"]
[Black "digger"]
[Result "0-1"]
[WhiteElo "1368"]
[BlackElo "1727"]

1. c4 e5 2. e3 Bc5 3. d4 Bb4+ 4. Bd2 Qe7 5. Nf3 Bxd2+ 6. Nbxd2 e4 7. Ne5 d6 8.
Ng4 h5 9. Qa4+ Bd7 10. Qc2 hxg4 11. Nxe4 f5 12. Ng3 g6 13. Be2 Nc6 14. O-O-O Nf6
15. Qc3 O-O-O 16. f3 Rde8 17. c5 dxc5 18. dxc5 Rhf8 0-1

[Event "Challenge"]
[Site "http://www.queenalice.com/game.php?id=1854414"]
[Date "2025.3.24"]
[Round "-"]
[White "digger"]
[Black "Leanne"]
[Result "1-0"]
[WhiteElo "1729"]
[BlackElo "1366"]

1. d4 f5 2. Qd3 d5 3. Qb5+ c6 4. Qd3 Nf6 5. Bf4 e6 6. c3 Be7 7. Be5 O-O 8. Qg3
Ng4 9. h3 Nxe5 10. Qxe5 Bf6 11. Qe3 Nd7 12. Qxe6+ Kh8 13. Qxf5 g6 14. Qc2 c5 15.
e3 cxd4 16. cxd4 Nb6 17. Be2 Bg7 18. g3 1-0